000 00581nam a2200205Ia 4500
003 GCL
005 20240530101113.0
008 140319s9999 xx 000 0 eng d
040 _aGCL /
_cGCL
082 0 4 _a306.044
_bM I
100 1 _aMUCHEMBLED, ROBERT
245 1 0 _aL'INVENTION DE L'HOMME MODERNE : CULTURE ET SENSIBILITES EN FRANCE DU XV AU XVIII SIECLE /
_cMUCHEMBLED, ROBERT
260 _a[S.N] :
_bFAYARD ،
_c1988
300 _a517 P
650 0 4 _aHISTORY
650 0 4 _aCULTURE
650 0 4 _aFRANCE
650 0 4 _aREPUBLICAN PARTY ( U.S - 1854 )
942 _2ddc
_cBK
999 _c24639
_d24639